[Event "Polanica Zdroj op-C 41st "]
[Site "Polanica Zdroj"]
[Date "2005.08.26"]
[Round "8"]
[White "Krol, Krzysztof"]
[Black "Krupa, Jaroslaw"]
[Result "1/2-1/2"]
[WhiteElo "1800"]
[BlackElo "1600"]
[PlyCount "32"]
[EventDate "2005.08.19"]
[EventType "swiss"]
[EventRounds "9"]
[EventCountry "POL"]
[SourceTitle "EXT 2007"]
[Source "ChessBase"]
[SourceDate "2006.11.23"]
[SourceVersion "1"]
[SourceVersionDate "2006.11.23"]
[SourceQuality "1"]

1. d4 d5 2. c4 c6 3. Nc3 Nf6 4. cxd5 cxd5 5. Bf4 Nc6 6. e3 a6 7. Nf3 Bg4 8. h3 Bh5 9. g4 Bg6 10. Ne5 Ne4 11. Nxe4 Bxe4 12. f3 Nxe5 13. Bxe5 Bg6 14. Rc1 Qa5+ 15. Qd2 Qxd2+ 16. Kxd2 e6 1/2-1/2